Principios de derecho administrativo / José Luís Villar Palasi, José Luís Villar Ezcurra ; puesto al día por Juan Jesús Fernández García
ISBN:
84-600-5267-2
Descripción Física:
2 v. ; 21 cm
Colección:
Textos
MARC
| LEADER | 00000nam a2200000Ia 4500 | ||
|---|---|---|---|
| 001 | 18452, 18453 | ||
| 008 | 160829s1987 xx 000 0 cat d | ||
| 020 | |a 84-600-5267-2 (o.c.) | ||
| 080 | |a D-3-142, D-3-143 | ||
| 100 | 1 | |a Villar i Palasí, Josep Lluís, |d 1922-2012 |9 30750 | |
| 245 | |a Principios de derecho administrativo / José Luís Villar Palasi, José Luís Villar Ezcurra ; puesto al día por Juan Jesús Fernández García | ||
| 250 | |a 2a ed. | ||
| 260 | |a Madrid : |b Universidad Complutense de Madrid. Facultad de Derecho, |c 1987 | ||
| 300 | |a 2 v. ; |c 21 cm | ||
| 490 | |a Textos | ||
| 590 | |a Conté: v. 1:Concepto y fuentes; v. 2: Actos, recursos, jurisdicción contencioso-administrativa | ||
| 650 | 0 | |a Dret administratiu |z Espanya |9 23238 | |
| 650 | |a Contractes administratius |x Espanya |9 23438 | ||
| 700 | |a Villar Ezcurra, José Luís |9 30751 | ||
| 700 | |a Fernández García, Juan Jesús |9 30752 | ||
| 901 | |a Arxiu | ||
| 942 | |n 1 | ||
| 952 | |0 1 |1 0 |2 udc |4 0 |5 2 |6 D3142_D3143 |7 1 |9 45509 |a Arxiu |b Arxiu |d 2016-12-01 |l 0 |o D-3-142, D-3-143 |p 18452, 18453 |r 2016-12-01 00:00:00 |w 2016-12-01 |y ARXIU | ||
| 999 | |c 48674 |d 48674 | ||